| 000 | 00684nam a2200181Ia 4500 | ||
|---|---|---|---|
| 008 | 100920s9999 xx 000 0 und d | ||
| 082 |
_b84448 _a--- न 03 |
||
| 100 | _aखानोलकर चिंतामणी त्र्यंबक. | ||
| 245 | _aरात्र काळी घागर काळी. | ||
| 260 |
_bमौज प्रकाशन गृह, मुंबई. _c2003 |
||
| 300 |
_a203 _bसाधी |
||
| 365 | _b130 | ||
| 520 | _aकादंबरी. | ||
| 630 | _aरात्र काळी घागर काळी. | ||
| 650 | _aकादंबरी. | ||
| 730 | _aरात्र काळी घागर काळी. | ||
| 942 | _cBOOK | ||
| 999 |
_c725000 _d724997 |
||